000 004250000a22001690004500
999 _c47832
_d47832
001 628
003 CO-MdFUSB
005 20180925143517.0
008 180925b xxu||||| |||| 00| 0 eng d
040 _cCO-MdBIC
082 0 4 _a813C B45ae
100 1 _aBerenstain, Stan & Jan
245 1 0 _aThe Berenstain Bears and the Eager Beavers/ Stan & Jan Berenstain
300 _a24 p.
650 1 4 _aLiteratua Infantil
942 _cLGB